Los caminos de la demencia / (Record no. 101116)

MARC details
000 -LEADER
campo de control de longitud fija 00570nam a2200181 i 4500
001 - NÚMERO DE CONTROL
campo de control 101116
003 - IDENTIFICADOR DE NÚMERO DE CONTROL
campo de control ES-MaACL
005 - FECHA Y HORA DE LA ÚLTIMA TRANSACCIÓN
campo de control 20240516063039.0
007 - CAMPO FIJO DE DESCRIPCIÓN FÍSICA--INFORMACIÓN GENERAL
campo de control de longitud fija t|
008 - DATOS DE LONGITUD FIJA--INFORMACIÓN GENERAL
campo de control de longitud fija 051013s1973 sp ||||1| spa d
100 1# - ENTRADA PRINCIPAL--NOMBRE DE PERSONA
Nombre de persona Maupassant, Guy de,
Fechas asociadas al nombre 1850-1893
9 (RLIN) 79214
245 14 - MENCIÓN DEL TÍTULO
Título Los caminos de la demencia /
Mención de responsabilidad, etc. Guy de Maupassant; [traducción de Antonio Gallifa Olivé].
260 ## - PUBLICACIÓN, DISTRIBUCIÓN, ETC.
Lugar de publicación, distribución, etc. Madrid :
Nombre del editor, distribuidor, etc. Doncel,
Fecha de publicación, distribución, etc. 1973.
300 ## - DESCRIPCIÓN FÍSICA
Extensión 245 p. ;
Dimensiones 18 cm.
700 1# - ENTRADA AGREGADA--NOMBRE PERSONAL
Nombre de persona Gallifa Olivé, Antonio.
9 (RLIN) 53626
852 ## - LOCALIZACIÓN
Ubicación ES-MaACL
Número de control de estantería C-55830
Sublocalización o colección R.88536
Holdings
Estatus retirado Estado de pérdida Estado de daño No para préstamo Biblioteca de origen Biblioteca actual Ubicación en estantería Fecha de adquisición Fuente de adquisición Total de préstamos Signatura topográfica completa Código de barras Visto por última vez Precio de reemplazo Tipo de ítem Koha
        Biblioteca del Ateneo de Madrid Biblioteca del Ateneo de Madrid Depósito 2 17/01/2008     C-55830 1105570 23/02/2023 23/02/2023 Libro impreso